The case of Socrates /
Uložené v:
| Hlavný autor: | |
|---|---|
| Médium: | Kniha |
| Jazyk: | English |
| Vydané: |
Praha :
Academia nakladatelství ČSAV,
1969
|
| Vydanie: | 1st ed. |
| Edícia: | Rozpravy ČSAV řada společenských věd
roč. 79, sešit 8 |
| ISBN: |
(brož.) |
| Fyzický popis: |
91 s. |
| Tagy: |
Pridať tag
Žiadne tagy, Buďte prvý kto otaguje tento záznam!
|
Titul je dostupný aj v ... 

MARC
| LEADER | 00000nam a2200000 a 4500 | ||
|---|---|---|---|
| 001 | 000264607 | ||
| 005 | 20060803090433.0 | ||
| 008 | 060803s1969 xr e 000 0 engo | ||
| 020 | |a (brož.) | ||
| 040 | |a SVKKK |b slo |c SVKKK |e AACR2 | ||
| 041 | 0 | |a eng | |
| 044 | |a xr |c CZ | ||
| 100 | 1 | |a Fischer, J. L. |4 aut | |
| 245 | 1 | 0 | |a The case of Socrates / |c J. L. Fischer |
| 250 | |a 1st ed. | ||
| 260 | |a Praha : |b Academia nakladatelství ČSAV, |c 1969 | ||
| 300 | |a 91 s. | ||
| 440 | 0 | |a Rozpravy ČSAV |p řada společenských věd |v roč. 79, sešit 8 | |
| 998 | |a BK | ||
| 090 | |g SCKHL |k Sklad Pribinova 1. posch. |a IV.63845 |j 425956 |i 2720691501 |s Absenčne | ||